000 00383nam a22001577a 4500
008 250404b |||||||| |||| 00| 0 eng d
020 _a9780195027795
050 _aRC483
_b.I93
100 _aIversen
245 _aBehavioral Pharmacology
250 _a2nd
260 _aNew York
_bOxford University Press
_c1981
300 _axii,305p
650 _aPsychopharmacology
942 _cBK
999 _c2861
_d2861